Library Banner

Aakhri aansu (Urdu) (Record no. 41239)

MARC details
000 -LEADER
fixed length control field 00462nam a2200181Ia 4500
001 - CONTROL NUMBER
control field 43229
008 - FIXED-LENGTH DATA ELEMENTS--GENERAL INFORMATION
fixed length control field 140425s9999 xx 000 0 und d
020 ## - INTERNATIONAL STANDARD BOOK NUMBER
International Standard Book Number NA
040 ## - CATALOGING SOURCE
Transcribing agency PK-LaUMT
082 ## - DEWEY DECIMAL CLASSIFICATION NUMBER
Classification number RHC 891.4393
Item number YAQ-A
100 ## - MAIN ENTRY--PERSONAL NAME
Personal name Yaqoob Shah Garsheen
245 ## - TITLE STATEMENT
Title Aakhri aansu (Urdu)
Statement of responsibility, etc Yaqoob Shah Garsheen
260 ## - PUBLICATION, DISTRIBUTION, ETC. (IMPRINT)
Place of publication, distribution, etc Queta,Pakistan:
Name of publisher, distributor, etc Qallat Publishers,
Date of publication, distribution, etc 2003
300 ## - PHYSICAL DESCRIPTION
Extent 126 p.
546 ## - LANGUAGE NOTE
Language note UR
650 ## - SUBJECT ADDED ENTRY--TOPICAL TERM
Topical term or geographic name as entry element Pakistani literature-Urdu
942 ## - ADDED ENTRY ELEMENTS (KOHA)
Koha item type Books
Holdings
Withdrawn status Lost status Damaged status Not for loan Home library Current library Date acquired Total Checkouts Full call number Barcode Date last seen Date checked out Price effective from Koha item type
        UMT Main Campus UMT Main Campus 2014-04-25 5 RHC 891.4393 YAQ-A 46885 2016-10-25 2016-10-20 2014-05-06 Books